MCU Tile Select - Statistics

General Stats
  • This quiz has been taken 59 times
  • The average score is 39 of 45
Answer Stats
Question Tile Select % Correct
MCU characters who have lifted Thor's hammer/axe Ant-Man No
100%
MCU characters who have lifted Thor's hammer/axe Black Panther No
100%
Characters to have "Black" in their superhero name Yes
98%
Characters to have "Black" in their superhero name No
98%
MCU characters who have lifted Thor's hammer/axe Hulk No
98%
MCU characters who have lifted Thor's hammer/axe Loki No
98%
Characters to have "Black" in their superhero name No
96%
Characters to have "Black" in their superhero name No
96%
Characters to have "Black" in their superhero name No
96%
green people Daredevil No
96%
MCU shows Deadpool and Wolverine No
96%
green people Gamora Yes
96%
MCU shows Guardians of the Galaxy No
96%
green people Sandman No
96%
people with some form of the Super Soldier Serum Thor No
96%
MCU shows WandaVision Yes
96%
people with some form of the Super Soldier Serum Captain America Yes
94%
green people Ego, the Living Planet No
94%
green people Hulk Yes
94%
people with some form of the Super Soldier Serum Iron Man No
94%
people with some form of the Super Soldier Serum Kate Bishop No
94%
green people Nebula No
94%
MCU shows Shang-Chi and the Legend of the Ten Rings No
94%
green people She-Hulk Yes
94%
MCU shows Ant-Man and the Wasp No
92%
MCU characters who have lifted Thor's hammer/axe Captain Marvel No
92%
MCU shows Loki Yes
92%
MCU shows She-Hulk: Attorney at Law Yes
92%
people with some form of the Super Soldier Serum The Winter Soldier Yes
92%
Characters to have "Black" in their superhero name No
90%
people with some form of the Super Soldier Serum Spiderman No
90%
MCU characters who have lifted Thor's hammer/axe Thor Yes
90%
Characters to have "Black" in their superhero name No
88%
MCU shows Moon Knight Yes
88%
MCU characters who have lifted Thor's hammer/axe Captain America Yes
85%
people with some form of the Super Soldier Serum The Falcon (Sam Wilson) No
83%
Characters to have "Black" in their superhero name Yes
81%
MCU shows Hawkeye Yes
79%
MCU characters who have lifted Thor's hammer/axe Vision Yes
77%
Characters to have "Black" in their superhero name Yes
65%
people with some form of the Super Soldier Serum Red Guardian Yes
60%
people with some form of the Super Soldier Serum US Agent Yes
52%
green people Abomination Yes
50%
green people Skaar Yes
38%
MCU characters who have lifted Thor's hammer/axe Groot Yes
29%
No matching quizzes found
Score Distribution
Percent of People with Each Score
Percentile by Number Answered
Your Score History
You have not taken this quiz